000 00389nam a2200157Ia 4500
003 OSt
005 20240208105329.0
008 170523s9999 xx 000 0 und d
020 _a978-9352020119
040 _ciimt university meerut
100 _aSARMA- AM
245 0 _aASPECTS OF LABOUR WELFARE AND SOCIAL SECURITY
260 _bHIMALAYA PUBLICATION
260 _c1999
942 _2ddc
_c02
999 _c413
_d413